[Event "22nd OIBM 2018"]
[Site "Gmund am Tegernsee"]
[Date "2018.10.31"]
[Round "5"]
[White "Stolte, Alexander"]
[Black "Burchert, Wolfgang"]
[Result "1-0"]
[WhiteElo "2218"]
[BlackElo "2057"]
[Annotator "TA"]
[PlyCount "58"]
[EventDate "2018.10.27"]
[EventType "swiss"]
[EventCountry "GER"]
[SourceTitle "playchess.com"]
[Source "ChessBase"]
[SourceQuality "1"]

{[%evp 15,58,7,43,0,14,0,53,0,60,42,75,22,25,-6,0,0,0,0,8,-57,-43,-37,-46,-58,-39,-110,0,-96,0,0,141,99,199,207,581,574,574,543,29991,29992,29995,29996,29998,29999,29999]} 1. e4 c5 2. Nf3 d6 3. d4 cxd4 4. Nxd4 Nf6 5. Nc3 a6 6. Bg5 e6 7. f3 {[%cal Bf2f3,Bf3f4][%mdl 32]} Be7 8. Qd2 Nbd7 {LiveBook: 9 Partien} 9. Bc4 {B95: Sizilianisch (Najdorf-Variante mit 6.Lg5)} (9. O-O-O O-O 10. g4 Qc7 11. Be3 Ne5 12. g5 Nfd7 13. f4 Nc4 14. Bxc4 Qxc4 15. h4 b5 16. b3 Qc7 {½-½ (54) Cuartas,J (2529)-Zhigalko,S (2640) Khanty-Mansiysk 2010}) 9... Ne5 10. Bb3 Qc7 (10... O-O $11) 11. O-O-O {[%cal Ba1d1,Bd1d3,Bd3h3][%mdl 32]} ({Günstiger ist} 11. f4 $14) 11... O-O (11... b5 $11) 12. f4 $14 Nc4 13. Qe2 $146 (13. Bxc4 $16 {zielt auf Lb3 ab.} Qxc4 14. e5 dxe5 15. fxe5) ({Vorgänger:} 13. Qd3 b5 14. Ndxb5 axb5 15. Nxb5 Qb7 16. Bxf6 Nxb2 17. Kxb2 Bxf6+ {0-1 (28) Palechor,C (1780)-Rosero,H (1553) Neiva 2011}) 13... Na5 $11 14. Rd3 Nxb3+ 15. axb3 b5 16. Rh3 Bb7 17. e5 ({Bitte nicht} 17. Bxf6 Bxf6 18. Rd1 b4 $17) (17. Qd3 $11 Rfc8 18. Re1) 17... dxe5 $15 18. fxe5 Nd5 19. Bd2 {Droht Dh5 und aus.} Nxc3 20. bxc3 {[#]} (20. Rxc3 $15 Qb6 21. Nf3) 20... Rfd8 (20... b4 $1 $17 {[%mdl 512]} 21. Kb1 (21. cxb4 Rfd8) 21... bxc3 22. Bxc3 Rad8) 21. Kb1 (21. Rf1 $11 {hält das Gleichgewicht.}) 21... g6 ({Besser ist} 21... Rac8 $17 {Weiss muss nun ...Txd4! beachten.} 22. Bc1 b4) 22. Rf1 $40 {[%mdl 128] Schwarz muss sich nun genau verteidigen.} Bf8 (22... Bd5 $1 $11 {bleibt in der Remisbreite.}) 23. Bg5 $16 Rd5 (23... Bg7 $16) 24. Bf6 $18 Bg7 $2 (24... Rc8 {ist eine bessere Chance.}) 25. Bxg7 Kxg7 26. Qe3 {Beabsichtigt Dh6+ und Matt.} h5 {[#]} 27. Rxh5 $3 {[%mdl 512] Weiß setzt Matt.} gxh5 28. Qg5+ Kh7 29. Rf6 {[%csl Gg5][%cal Rf6h6]} Bc8 {Precision: Weiß = 33%, Schwarz = 17%.} 1-0

[Event "22nd OIBM 2018"]
[Site "Gmund am Tegernsee"]
[Date "2018.10.31"]
[Round "5"]
[White "Oberhofer, Cedric"]
[Black "Carow, Johannes"]
[Result "0-1"]
[WhiteElo "2213"]
[BlackElo "2439"]
[Annotator "TA"]
[PlyCount "116"]
[EventDate "2018.10.27"]
[EventType "swiss"]
[EventCountry "GER"]
[SourceTitle "playchess.com"]
[Source "ChessBase"]
[SourceQuality "1"]

{[%evp 11,116,22,43,3,35,34,34,34,34,34,41,30,30,30,66,-97,-104,-114,-73,-87,-91,-83,-43,-44,23,-46,161,170,170,166,158,161,168,110,179,101,258,243,439,391,506,468,443,182,179,166,164,73,74,71,67,0,0,0,0,0,16,0,0,0,14,0,0,0,0,0,0,0,0,-16,-8,-2,-5,-30,0,0,0,0,0,-77,-69,-87,-81,-73,-73,-80,-90,-76,-73,-75,-73,-83,-95,-107,-100,-120,-91,-143,-160,-174,-175,-194,-186,-178,-176,-183,-176]} 1. e4 c6 2. d4 d5 3. e5 Bf5 4. Nf3 e6 5. Be2 Ne7 6. O-O Ng6 {LiveBook: 51 Games. B12: Caro-Kann: Advance Variation} (6... c5 7. Be3 Nec6 8. c3 Nd7 9. Nbd2 Be7 10. a3 a6 11. Re1 O-O 12. Nf1 Rc8 13. Ng3 Bg6 14. Nd2 cxd4 15. cxd4 Qb6 16. b4 Nxd4 17. Bf1 {0-1 (50) Caruana,F (2822)-Mamedyarov,S (2801) Saint Louis 2018}) 7. h3 h5 8. c4 $146 ({Predecessor:} 8. Re1 Nd7 9. Bd3 Bxd3 10. Qxd3 Be7 11. Nc3 Ngf8 12. Ne2 Qc7 13. b3 O-O-O 14. Ng5 Bxg5 15. Bxg5 {½-½ (59) Md,S (2182)-Lalith,B (2527) Chittagong 2018}) 8... dxc4 {White is slightly better.} 9. Bxc4 Nd7 10. Nc3 Nh4 11. Nxh4 Qxh4 12. Be3 O-O-O 13. f4 $2 (13. Qc1 $14) 13... Bxh3 $1 $17 14. Bf2 Qxf4 15. gxh3 Nxe5 $1 16. Be2 Rh6 {[%mdl 1024] aiming for ...Rg6+. Black has strong compensation.} 17. Kh1 $1 {Threatens to win with Qc2.} Bd6 (17... Bc5 $15 18. Qc1 Qxc1 19. Raxc1 Bxd4) 18. Bg1 ({But not} 18. dxe5 Bxe5 19. Qxd8+ Kxd8 $11) (18. Qc2 $11 Ng4 19. Bg1) 18... Qg3 $2 {[#]} (18... Qh4 $15 {stays ahead.} 19. Rf2 Bc5) 19. Rf2 $1 $36 {[%mdl 2048] White is in control.} Ng4 20. Rf3 Qh4 21. Ne4 Bc7 22. Qe1 (22. Ba6 $18) 22... Qe7 (22... Qxe1 $16 {might work better.} 23. Rxe1 Nf6) 23. Bc4 ({Better is} 23. Rc1 $18) 23... Rhh8 $2 (23... Nf6 $16) 24. Rc1 Nh6 $2 (24... Kb8 {is a better defense.} 25. Rb3 b6 26. hxg4 hxg4+ 27. Kg2 Bf4) 25. Nc5 Rhe8 26. Qb4 {[%csl Gc5][%cal Rb4b7]} Bb6 27. a4 (27. Ba6 $142 Rd7 28. Qa4) 27... Nf5 {[#]} 28. a5 $1 {[%cal Ra5b6]} Bxc5 29. Qxc5 (29. dxc5 $18 h4 30. Bh2) 29... Qxc5 $16 30. dxc5 a6 31. h4 (31. Bf2 $14) 31... Rd2 $11 32. b3 Red8 33. Bf2 R8d7 34. Rf1 Kd8 35. Be1 {Black must now prevent Rxf5.} Rd1 36. Be2 R1d5 37. Bf2 Ke8 38. Re1 Nd4 39. Rg3 Nf5 40. Rc3 Rd2 41. Kg1 g6 42. Bc4 Ke7 43. Rf3 Ra2 44. Bd3 Nd4 45. Rg3 (45. Rf4 $11 Nxb3 46. Bc4) 45... Rxa5 $17 46. b4 Ra4 47. Rb1 Ra2 48. Be3 Ne2+ 49. Bxe2 Rxe2 50. Rf1 Ke8 51. Rf2 Rd1+ 52. Rf1 Rd3 53. Bf2 Rd5 54. Be1 (54. Re3 $142 Rc2 55. Be1) 54... Re4 {Black is clearly better.} 55. Rg2 Rd1 56. Kf2 Rxh4 57. Ke2 Rhd4 58. Rgf2 Rd7 {Precision: White = 48%, Black = 47%.} 0-1

[Event "22nd OIBM 2018"]
[Site "Gmund am Tegernsee"]
[Date "2018.10.31"]
[Round "5"]
[White "Ehrke, Michael"]
[Black "Rassl, Bernhard"]
[Result "1/2-1/2"]
[WhiteElo "2212"]
[BlackElo "2056"]
[Annotator "TA"]
[PlyCount "78"]
[EventDate "2018.10.27"]
[EventType "swiss"]
[EventCountry "GER"]
[SourceTitle "playchess.com"]
[Source "ChessBase"]
[SourceQuality "1"]

{[%evp 14,78,18,29,30,30,43,41,81,71,75,75,81,79,111,79,74,47,49,39,123,114,125,125,169,170,171,173,164,162,168,163,189,181,197,198,224,193,193,193,189,198,231,134,296,288,299,295,305,305,435,443,510,502,458,463,645,622,600,596,961,960,935,919,1136,1115,1058]} 1. d4 Nf6 2. Nf3 d6 3. Bf4 c6 4. Nbd2 Nbd7 5. h3 g6 6. e3 Bg7 7. Be2 O-O 8. O-O {LiveBook: 8 Games} c5 {A48: 1 d4 Nf6 2 Nf3 g6: Torre, London and Colle Systems} (8... Re8 9. Bh2 a5 10. a4 b6 11. e4 Nf8 12. Re1 d5 13. exd5 Nxd5 14. Ne5 Bb7 15. c3 Nd7 16. Bc4 Nxe5 17. Bxe5 {1-0 (41) Hoang,T (2423)-Nemeth,M (2470) Ajka 2018}) 9. c3 cxd4 10. exd4 d5 $146 {White is slightly better.} ({Predecessor:} 10... Nb6 11. Re1 {1-0 (85) Santandreu Gregori,D (1962)-Tormo Bas,G (1792) Alzira 2014}) 11. a4 a5 12. Re1 Nb6 13. Bd3 Re8 14. Nb1 Bd7 15. b3 Rc8 16. Ne5 Bc6 ({Better is} 16... Ne4 $14) 17. Nxc6 $16 bxc6 18. Ba6 $36 {[%cal Bd3a6,Ba6b7,Bb7c6][%mdl 2080] White is really pushing.} Ra8 19. Bb7 Ra7 20. Bxc6 {Strongly threatening Na3.} Rf8 21. Bb5 Ne4 22. Bd3 Nd6 23. Na3 Rc7 24. Rc1 Rc8 25. Nb5 Nxb5 26. Bxb5 e6 27. Qd3 Qe7 28. Be5 (28. c4 $18) 28... f6 $2 {[#]} (28... Bxe5 $16 29. Rxe5 Qa3) 29. Bg3 $18 e5 30. dxe5 fxe5 31. Qe3 d4 (31... Qd6 {was necessary.} 32. Bxe5 Bxe5) 32. cxd4 {White is clearly winning.} Nd5 33. Qd2 Rxc1 34. Qxc1 e4 35. Bc4 Rd8 36. Qc2 e3 37. Rxe3 Qd7 38. Qe4 Kh8 39. Bxd5 Qxd5 {[%mdl 32768] Precision: White = 78%, Black = 25%. . An unexpected result.} 1/2-1/2

[Event "22nd OIBM 2018"]
[Site "Gmund am Tegernsee"]
[Date "2018.10.31"]
[Round "5"]
[White "Sieglen, Joachim"]
[Black "Pezerovic, Edin"]
[Result "0-1"]
[WhiteElo "2208"]
[BlackElo "2420"]
[Annotator "TA"]
[PlyCount "78"]
[EventDate "2018.10.27"]
[EventType "swiss"]
[EventCountry "GER"]
[SourceTitle "playchess.com"]
[Source "ChessBase"]
[SourceQuality "1"]

{[%evp 16,78,2,13,37,37,43,25,38,-3,0,0,1,-18,0,-19,0,-21,-29,-17,-11,-17,-12,-12,-18,-36,-8,-47,-39,-68,-39,-50,-49,-134,-134,-134,-133,-134,-134,-134,-140,-168,-141,-182,-182,-183,-182,-178,-169,-166,-165,-141,-151,-681,-671,-653,-657,-656,-638,-925,-18,-896,-897,-858,-847]} 1. d4 d5 2. c4 c6 3. Nf3 Nf6 4. e3 a6 5. b3 Bg4 (5... Bf5 6. Bd3 Bg6 7. O-O e6 8. Nc3 Nbd7 9. Bb2 Bd6 10. Qc2 Bh5 11. Be2 O-O 12. h3 Qe7 13. Rad1 {0-1 (26) Bareev,E (2634)-Carlsen,M (2801) Moscow 2009}) 6. Be2 {D11: Slav Defence: 3 Nf3 sidelines and 3...Nf6 4 e3 Bg4} e6 7. O-O Nbd7 8. Bb2 Bd6 9. Nbd2 {LiveBook: 15 Games} Qc7 10. h3 $146 ({Predecessor:} 10. a4 O-O 11. c5 Be7 12. b4 Bxf3 13. Nxf3 {1-0 (41) Dallaglio,G (2055)-Crea,V (2120) Bozen 1998}) 10... Bh5 11. Rc1 O-O 12. Nh4 Bxe2 13. Qxe2 Ne4 14. Nxe4 (14. Nhf3 {is more complex.} f5 15. Rfd1 a5 16. c5 Be7 17. Ne1) 14... dxe4 15. d5 Be5 16. dxe6 Bxb2 17. Qxb2 fxe6 {Threatens to win with ...g5.} 18. f4 Nc5 {Strongly threatening ...Nd3.} 19. Rcd1 Rad8 20. Qe2 Rxd1 21. Qxd1 Qd8 $36 {[%mdl 2048] Black has some pressure.} 22. Qg4 {White wants to play b4.} a5 23. Rd1 Qf6 24. Qg5 (24. Rd4 $15) 24... Qxg5 $17 25. fxg5 {[%mdl 4096] Endgame KRN-KRN} g6 26. g4 Nd3 27. Ng2 Rf3 28. Nf4 Rxe3 29. Nxe6 {Black should prevent Rf1.} Rg3+ ({Don't take} 29... Rxh3 30. Rf1 $17) 30. Kh2 Rf3 31. Rd2 {[#]} Kf7 $1 {[%cal Rf7e6]} 32. Nd8+ Ke7 33. Nxb7 {[#]} e3 $1 {[%cal Re3d2,Be4e3,Be3e2][%mdl 32]} 34. Re2 $2 (34. Rxd3 $17 e2 35. Rxf3) 34... Nf4 $1 $19 {[%csl LRe2,LRh3]} 35. Re1 Rxh3+ 36. Kg1 Rg3+ 37. Kh2 Rg2+ 38. Kh1 e2 39. Nxa5 Rf2 {Precision: White = 47%, Black = 87%.} 0-1

[Event "22nd OIBM 2018"]
[Site "Gmund am Tegernsee"]
[Date "2018.10.31"]
[Round "5"]
[White "Boehm, Martin"]
[Black "Forchert, Martin"]
[Result "1-0"]
[WhiteElo "2195"]
[BlackElo "2363"]
[Annotator "NA RC"]
[PlyCount "73"]
[EventDate "2018.10.27"]
[EventType "swiss"]
[EventCountry "GER"]
[SourceTitle "playchess.com"]
[Source "ChessBase"]
[SourceQuality "1"]
[TimeControl "40/5400+30:1800+30"]

1. d4 {[%emt 0:00:00]} Nf6 {[%emt 0:00:00]} 2. c4 {[%emt 0:00:00]} g6 {[%emt 0:00:00]} 3. g3 {[%emt 0:00:24]} Bg7 {[%emt 0:00:00]} 4. Bg2 {[%emt 0:00:04]} d5 {[%emt 0:00:00]} 5. Nc3 {[%emt 0:00:52]} dxc4 {[%emt 0:00:31]} 6. Nf3 {[%emt 0:02:18]} c6 {[%emt 0:00:12]} 7. O-O {[%emt 0:00:24]} Nbd7 {[%emt 0:02:57]} 8. e4 {[%emt 0:02:35]} Nb6 {[%emt 0:08:48]} 9. h3 {[%emt 0:00:39]} O-O {[%emt 0:01:02]} 10. a4 {[%emt 0:00:46] D78: Fianchetto Grünfeld: 6 0-0 c6} a5 {[%emt 0:06:39]} 11. Be3 {[%emt 0:06:08]} (11. Qe2 e5 12. dxe5 Nfd7 13. Bg5 {1-0 (36) Ivanisevic,I (2610)-Sedlak,N (2577) Ulcinj 2014}) 11... h6 $146 {[%emt 0:07:42]} ({Predecessor:} 11... Ne8 12. Qe2 Nd6 {½-½ (12) Ostojic,N (2398)-Lajthajm,B (2498) Vrnjacka Banja 2008}) 12. Qd2 {[%emt 0:09:05]} Kh7 {[%emt 0:00:06]} 13. Rad1 {[%emt 0:06:23]} Be6 {[%emt 0:00:57]} 14. Ne5 {[%emt 0:05:19]} Nfd7 {[%emt 0:03:55]} 15. Ng4 {[%emt 0:06:13]} Bxg4 {[%emt 0:11:38]} 16. hxg4 {[%emt 0:00:50]} Qc7 {[%emt 0:00:05]} 17. g5 {[%emt 0:03:51]} hxg5 {[%emt 0:14:12]} 18. e5 {[%emt 0:04:23]} Rad8 {[%emt 0:02:13]} 19. e6 {[%emt 0:02:38]} Ne5 {[%emt 0:03:48]} 20. Qe2 {[%emt 0:01:12]} Nd3 {[%emt 0:02:09]} 21. exf7 {[%emt 0:03:48]} e5 {[%emt 0:14:40]} 22. Ne4 {[%emt 0:08:53]} Rxf7 {[%emt 0:03:08]} 23. Nxg5+ {[%emt 0:02:53]} Kg8 $18 {[%emt 0:00:01]} 24. dxe5 {[%emt 0:01:57]} Nd5 {[%emt 0:01:57]} 25. Nxf7 {[%emt 0:02:11]} Qxf7 {[%emt 0:00:23]} 26. Bg5 {[%emt 0:00:45]} Re8 {[%emt 0:00:28]} 27. f4 {[%emt 0:01:37]} Bf8 {[%emt 0:00:12]} 28. Rf3 {[%emt 0:00:39]} Bc5+ {[%emt 0:02:45]} 29. Kf1 {[%emt 0:00:02]} Qf5 {[%emt 0:03:35]} 30. Rfxd3 {[%emt 0:08:07]} cxd3 {[%emt 0:00:07]} 31. Bxd5+ {[%emt 0:00:34]} cxd5 {[%emt 0:00:06]} 32. Qxd3 {[%emt 0:00:04]} Qh3+ {[%emt 0:01:23]} 33. Ke1 {[%emt 0:00:10]} Bb4+ {[%emt 0:00:20]} 34. Kf2 {[%emt 0:00:10]} Qh2+ {[%emt 0:08:18]} 35. Kf3 {[%emt 0:00:04]} Kh7 {[%emt 0:00:09]} 36. Qxd5 {[%emt 0:09:53]} Qh5+ {[%emt 0:00:08]} 37. Kg2 {[%emt 0:00:13]} 1-0

[Event "22nd OIBM 2018"]
[Site "Gmund am Tegernsee"]
[Date "2018.10.31"]
[Round "5"]
[White "Kaiser, Elmar"]
[Black "Bernabeu Lopez, Carlos Javier"]
[Result "0-1"]
[WhiteElo "2185"]
[BlackElo "2353"]
[Annotator "TA"]
[PlyCount "198"]
[EventDate "2018.10.27"]
[EventType "swiss"]
[EventCountry "GER"]
[SourceTitle "playchess.com"]
[Source "ChessBase"]
[SourceQuality "1"]

{[%evp 22,198,52,53,62,56,50,32,64,57,67,69,64,64,79,69,77,57,56,65,62,17,14,14,6,31,24,8,30,27,35,27,31,0,89,99,123,-65,-62,-65,-59,-85,-88,-126,-100,-126,-126,-127,-132,-132,-100,-110,-51,-156,-132,-156,-132,-156,-156,-156,-156,-156,-156,-156,-156,-156,-156,-156,-156,-156,-156,-156,-156,-156,-156,-156,-156,-156,-156,-156,-126,-126,-126,-506,-465,-445,-540,-543,-431,-538,-303,-303,-300,-295,-275,-525,-525,-505,-525,-515,-506,-504,-499,-489,-454,-462,-346,-397,-158,-425,-417,-411,-411,-378,-158,-153,0,0,0,-291,-291,-510,-474,-349,0,0,0,0,0,0,0,0,0,0,0,0,0,0,0,0,0,0,0,0,0,-65,-56,-164,-67,-160,-152,-649,-566,-941,-215,-208,-206,-192,-184,-1095,-1108,-1502,-1485,-1145,-2036,-1566,-1268,-29975,-29977,-29975,-29977,-29983,-29984,-29985,-29986,-29987,-29984,-29987,-29988]} 1. e4 e5 2. Nf3 Nc6 3. Bb5 a6 4. Ba4 Nge7 5. O-O g6 6. c3 Bg7 7. d4 exd4 8. cxd4 b5 {C60: Ruy Lopez: Unusual Black 3rd moves and 3...g6} 9. Bc2 O-O (9... d5 10. exd5 Nb4 11. Bb3 Nbxd5 12. Nc3 O-O 13. Re1 h6 14. h3 Nxc3 15. bxc3 Bb7 16. Ne5 {½-½ (40) Caruana,F (2816)-Giri,A (2782) Leuven 2018}) 10. d5 Na5 11. Bd2 Nc4 12. Bc3 $1 {LiveBook: 5 Games} d6 $146 ({Predecessor:} 12... Nxb2 13. Qc1 Nc4 14. Bd3 d6 15. Bxg7 Kxg7 16. Bxc4 bxc4 17. Qxc4 {½-½ (30) Smith,B (2419)-Arnold,M (2524) chess.com INT 2017}) 13. Bxg7 Kxg7 14. Qd4+ Kg8 15. a4 Bg4 16. Nfd2 c5 17. Qf6 Nxd2 18. Nxd2 Nc8 19. Qxd8 Rxd8 20. axb5 Be2 21. Rxa6 (21. bxa6 {with more complications.} Bxf1 22. Kxf1 Nb6 23. Bd3 Ra7 24. f3) 21... Rxa6 22. bxa6 Bxf1 23. Kxf1 $14 {[%mdl 4096] Endgame KRN-KBN} Nb6 24. Bd3 Ra8 25. Bb5 Kf8 26. Ke2 Ke7 27. Nb3 Nd7 (27... f5 $11) 28. Na5 $16 Nb8 29. Nc6+ $2 (29. e5 $16) 29... Nxc6 $1 $15 30. dxc6 {KR-KB} Kd8 31. b3 Kc7 {[%mdl 1024] Black has strong compensation.} 32. g4 g5 33. Ke3 f6 34. f3 Kb6 35. Bc4 Re8 36. Kd3 Kxc6 (36... Rh8 $17 37. Be6 Re8) 37. Kd2 (37. Bd5+ $15 Kb6 38. Bb7) 37... Kb6 38. Kd3 Re7 39. Kd2 {[#]} h5 $1 {[%mdl 512]} 40. h3 (40. gxh5 Rh7) 40... hxg4 41. hxg4 Rh7 42. Kd3 Rh2 43. Ke3 Rh1 44. Kd2 Ra1 45. Kc2 Ra2+ 46. Kd3 Kc6 47. Ke3 Kc7 48. Bf1 Ra1 49. Bc4 Rd1 50. Be2 Rd4 51. Bd3 Kb6 52. Ke2 $2 {[%mdl 8192]} (52. Kd2 $17 {is a better chance.}) 52... Rb4 $19 53. Bc4 {[#]} Rxc4 $1 {[%mdl 512]} 54. bxc4 Kxa6 {KP-KP} 55. Kd3 Ka5 $1 {[%cal Ra5b4]} 56. e5 fxe5 ({Not} 56... dxe5 57. Ke4 $17) 57. Ke4 {Now Kf5 and White clings on.} Kb4 58. Kf5 $2 (58. Kd5) 58... Kxc4 59. Kxg5 {K3P-KPP} Kd4 60. Kf6 {If only White now had time for g5....} c4 61. g5 {and the idea g6 leaves White hopeful.} c3 $1 {[%cal Rc3c2]} 62. g6 c2 63. g7 c1=Q 64. g8=Q {KQ-KQ} d5 $2 (64... Qf4+ $19 {has better winning chances.} 65. Ke7 Qxf3 66. Qg1+ Qe3 67. Qd1+ Qd3 68. Qa1+ Qc3 69. Qa4+ Ke3) 65. Ke7 $2 (65. Qb8 $17 {keeps fighting.} Qh6+ 66. Ke7) 65... Qe3 66. Ke6 Qh6+ 67. Ke7 Qh4+ (67... Qf4 $19 {is more deadly.} 68. Qg1+ Kd3 69. Qf1+ Ke3 70. Qe1+ Kxf3 71. Qh1+ Kf2 72. Qxd5 e4 73. Qd4+ Kf3 74. Qd1+ Kg2) 68. Ke6 $17 Qh3+ $2 (68... Kc3 $1 $17 69. Kxe5 Qh5+ 70. Kf4 d4) 69. Kd6 $11 Qh6+ $2 {[%mdl 8192]} (69... Qxf3 $11 70. Qg1+ Kd3 71. Qb1+ Ke3 72. Qb3+ Kf4 73. Qxf3+ Kxf3 74. Kxe5 Kg4) 70. Ke7 $1 $19 Kc4 71. Qc8+ $2 {[#]} (71. Kd7) 71... Kd3 $1 72. Qf5+ {[#]} Kd4 $2 ({Better is} 72... Ke2 $1 $19 {And now ...d4 would win.} 73. Qxe5+ Qe3) 73. Qc2 $1 $11 Qh4+ 74. Ke6 $1 Qh3+ 75. Kd6 Qh6+ 76. Ke7 Qg7+ 77. Ke6 Qg8+ 78. Kf6 Qd8+ 79. Ke6 Qe8+ 80. Kd6 Qf8+ 81. Ke6 Qh6+ 82. Ke7 e4 83. fxe4 (83. Qb2+ $11 Kd3 84. fxe4) 83... Qh4+ 84. Kd7 (84. Kd6 $1 $15) 84... Qg4+ (84... dxe4 $19 {Hoping for ...Qh3+.} 85. Qd2+ Ke5 86. Qd6+ Kf5 87. Qd5+ Kf4 88. Qd2+ Kf3 89. Qd1+ Ke3 90. Qc1+ Ke2 91. Qc2+ Kf1 92. Qc1+ Kg2 93. Qc2+ Kh3) 85. Kc7 (85. Kd6 $1 $15 Qf4+ 86. e5 Qxe5+ 87. Kc6) 85... Qf4+ $17 86. Kb7 $2 (86. e5 $17) 86... dxe4 $19 87. Qb2+ Kd5 $2 (87... Kd3 {aiming for ...e3.} 88. Qb3+ Ke2 89. Qc4+ Kf2 90. Qd4+ Kf3) 88. Qb5+ Ke6 89. Qe8+ Kf5 {Strongly threatening ...e3.} 90. Qf7+ $2 (90. Qd7+ Kg6 91. Qc6+ Kg7 92. Qc3+ Kg8 93. Qc8+ Qf8 94. Qc1) 90... Kg4 91. Qg6+ Kf3 92. Qh5+ Kf2 93. Qc5+ e3 {[%cal Be4e3,Be3e2][%mdl 32]} 94. Ka8 Kg3 {Black mates.} 95. Qc3 Qf3+ 96. Ka7 e2 97. Qe5+ Kg2 98. Ka6 Qa3+ 99. Kb7 Qb4+ {Precision: White = 38%, Black = 64%.} 0-1

[Event "22nd OIBM 2018"]
[Site "Gmund am Tegernsee"]
[Date "2018.10.31"]
[Round "5"]
[White "Goldbeck, Lars"]
[Black "Weber, Ulrich"]
[Result "0-1"]
[WhiteElo "2184"]
[BlackElo "2347"]
[Annotator "TA"]
[PlyCount "64"]
[EventDate "2018.10.27"]
[EventType "swiss"]
[EventCountry "GER"]
[SourceTitle "playchess.com"]
[Source "ChessBase"]
[SourceQuality "1"]

{[%evp 26,63,0,0,0,21,10,14,20,10,51,70,36,35,49,0,190,181,185,191,231,0,0,-93,-87,-156,-173,-167,-188,-561,-567,-535,-556,-556,-556,-682,-679,-29998,-29999,-29999]} 1. d4 Nf6 2. c4 g6 3. Nc3 Bg7 4. e4 d6 5. Nf3 O-O 6. Be2 e5 7. d5 a5 8. Bg5 h6 9. Be3 Ng4 {E92: King's Indian: Classical: 6 Be2 e5: 7 dxe5, 7 Be3 and Petrosian System without 7...Nbd7} 10. Bd2 f5 11. h3 Nf6 12. exf5 gxf5 13. Qc1 (13. g3 Na6 14. Qc1 Kh7 15. Nh4 Nc5 16. Be3 Nfe4 17. Nxe4 Nxe4 {½-½ (42) Korobov,A (2678)-Kovalev,V (2650) Poikovsky 2018}) 13... f4 14. g3 {LiveBook: 37 Games} e4 15. Nh4 e3 $1 {[%cal Re3f2]} 16. fxe3 fxg3 {Hoping for ...Ne4!} 17. Ng6 g2 $146 18. Rg1 Bxh3 19. Qc2 (19. Nxf8 Qxf8 20. e4 (20. Bf3 Ng4 $17) 20... Ng4 $15) 19... Ng4 $1 20. Qe4 {[%mdl 1024] White has compensation.} (20. Nxf8 Qh4+ 21. Kd1 Qf2 $17) 20... Nf2 $2 (20... Nd7 $1 $11 21. Ne7+ (21. Bxg4 Rf1+ 22. Ke2 Nc5 $15) 21... Kh8 22. Ng6+ (22. Bxg4 Rf1+ 23. Ke2 Nf6 $11) 22... Kg8 23. Ne7+ (23. Bxg4 Rf1+ 24. Ke2 Nc5 $15) 23... Kh8 24. Ng6+ (24. Bxg4 Rf1+ 25. Ke2 Nc5 $15) 24... Kg8) 21. Ne7+ $18 Kh8 22. Qh4 $1 {Ng6+ is the strong threat.} Na6 {[#]} 23. Ng6+ $2 (23. Nd1 $1 $18 {[%cal Rd1f2]} Nxd1 24. Ng6+ (24. Rxd1 Qd7 $11) 24... Kg8 25. Qxh3) 23... Kg8 $11 {aiming for ...Nb4.} 24. Qxd8 (24. Ne7+ $1 $11 {remains equal.} Kh7 25. Ne4 Nxe4 26. Qxe4+ Kh8 27. Bd3 (27. Ng6+ Kg8 $14)) 24... Raxd8 $17 25. Nf4 {[#]} (25. Nb5 $142) 25... Rxf4 $1 $40 {[%mdl 640] Black attacks with force.} 26. exf4 Bd4 27. Bf3 $2 (27. Bh5 Nd3+ 28. Ke2 Nxb2 29. Ne4) 27... Re8+ $19 28. Ne2 Nd3+ {[%cal Bf2d3,Bd3b2,Bb2c4][%mdl 32]} 29. Kd1 Nxb2+ 30. Kc2 Bf5+ 31. Kb3 Nc5+ 32. Ka3 Nxc4# {Precision: White = 35%, Black = 64%.} 0-1

[Event "22nd OIBM 2018"]
[Site "Gmund am Tegernsee"]
[Date "2018.10.31"]
[Round "5"]
[White "Schneider, Jana"]
[Black "Dumjahn, Carsten"]
[Result "1-0"]
[WhiteElo "2174"]
[BlackElo "2052"]
[Annotator "TA"]
[PlyCount "51"]
[EventDate "2018.10.27"]
[EventType "swiss"]
[EventCountry "GER"]
[SourceTitle "playchess.com"]
[Source "ChessBase"]
[SourceQuality "1"]

{[%evp 18,51,-2,8,5,8,31,36,46,43,41,41,35,32,35,33,49,22,73,83,78,58,53,45,103,87,254,254,216,230,231,236,230,208,1657,1608]} 1. e4 e6 2. d4 d5 3. Nd2 Be7 4. e5 c5 5. c3 Nc6 6. Ndf3 cxd4 {C03: French Tarrasch: Unusual Black 3rd moves} 7. cxd4 Bb4+ 8. Bd2 Qb6 9. Bxb4 (9. Bc3 Bd7 10. Qd2 f6 11. Bd3 Nge7 12. Ne2 Bxc3 13. bxc3 fxe5 14. Nxe5 Nxe5 15. dxe5 {1-0 (65) Mamedov,R (2680)-Anton Guijarro,D (2654) Kocaeli 2017}) 9... Qxb4+ 10. Qd2 {LiveBook: 8 Games} Bd7 11. Bd3 Qb6 12. Ne2 Nb4 13. Bb1 Ne7 $146 ({Predecessor:} 13... h6 14. O-O Ne7 15. Nc3 {1-0 (34) Nur Shazwani,Z (2062)-Aginian,N (2310) Mallorca 2004}) 14. O-O Bb5 15. Rd1 Bxe2 $1 16. Qxe2 Nbc6 17. Bd3 O-O {[#]} (17... Nb4 $11) 18. Bxh7+ $1 $16 {[%mdl 512]} Kxh7 {[#]} 19. Ng5+ $1 Kg6 20. Qg4 {Threatening mate with Nxe6+.} f5 21. exf6 $1 Rxf6 $2 (21... Kxf6 $16 22. Nxe6 g6) 22. Nxe6+ $18 Kf7 23. Qxg7+ ({Not} 23. Re1 Ng6 $17) 23... Kxe6 24. Re1+ Kd7 25. Qxf6 Qxd4 $2 {[#]} (25... Qb4 26. Qe6+ Kc7) 26. Rxe7+ $1 {[%mdl 512] Precision: White = 100%, Black = 48%.} 1-0